000 00342nam a22001457a 4500
003 OSt
005 20160727222401.0
008 160623b xxu||||| |||| 00| 0 eng d
040 _cTEST
100 _9700
_aMoody, R
245 _aThe Field of Home
260 _aChicago
_bPeople's Book Club
_c1953
300 _aThe Field of Home
942 _2ddc
_cBK
999 _c565
_d565